000 01231cam a22003135a 4500
003 EG-ScBUE
005 20220605135016.0
008 180828s2006 enka f bf 001 0 eng d
020 _a0521588464
020 _a9780521588461
040 _aEG-ScBUE
_beng
_erda
_cEG-ScBUE
_dEG-ScBUE
082 0 4 _a428.24
_bCAR
_223
100 1 _aCarter, Ronald,
_d1947-
_eauthor.
_93521
245 1 0 _aCambridge grammar of English :
_ba comprehensive guide : spoken and written English grammar and usage /
_cRonald Carter and Michael McCarthy.
264 1 _aCambridge :
_bCambridge University Press,
_c2006.
300 _ax, 973 pages ;
_c24 cm
336 _2rdacontent
_atext
_btxt
337 _2rdamedia
_aunmediated
_bn
338 _2rdacarrier
_avolume
_bnc
504 _aIncludes bibliographical references and index.
650 7 _aEnglish language
_xGrammar
_vHandbooks, manuals, etc.
_2BUEsh
_97501
650 7 _aEnglish language
_xUsage
_vHandbooks, manuals, etc.
_2BUEsh
651 _2BUEsh
653 _bHHUUEENN
_cAugust2018
655 _vReading book
_934232
700 1 _aMcCarthy, Michael,
_d1947-
_eauthor.
856 4 2 _3Publisher description
_uhttp://www.loc.gov/catdir/enhancements/fy0665/2006279611-d.html
942 _2ddc
_cREFERENCE
999 _c2069
_d2069